LEADER 00867nam0 2200265 450 001 000018005 005 20081022114708.0 100 $a20081022d1968----km-y0itay50------ba 101 0 $aeng 102 $aNL 105 $aa-------001yy 200 1 $aAncient formal logic$fI. M. Bochenski 210 $aAmsterdam$cNorth-Holland Publishing Co.$d1968 215 $aVI, 122 p.$ctab.$d23 cm 225 2 $aStudies in logic and the foundations of mathematics 410 0$12001$aStudies in logic and the foundations of mathematics 500 10$aAncient formal logic$934734 610 1 $aLogica formale$aStoria 676 $a160$v21$9Logica 700 1$aBochenski,$bInnocentius Maria$0632178 801 0$aIT$bUNIPARTHENOPE$c20081022$gRICA$2UNIMARC 912 $a000018005 951 $aM 160/2$bM 448$cDSA$d2008 996 $aAncient formal logic$934734 997 $aUNIPARTHENOPE